[Event "NM for klubblag 2017"]
[Site "Scandic Kristiansund"]
[Date "2017.10.20"]
[Round "2"]
[White "Haug, Johannes"]
[Black "Vucenovic, Lazar"]
[Result "0-1"]
[WhiteElo "2363"]
[BlackElo "2128"]
[Annotator "05benbjo"]
[PlyCount "137"]
[EventDate "2017.??.??"]

1. d4 Nf6 2. c4 g6 3. Nf3 Bg7 4. g3 d6 5. Bg2 c6 6. O-O O-O 7. Nc3 Nbd7 8. e4
e5 9. b3 Re8 10. Bb2 h6 11. Qd2 Qa5 12. Rfe1 Nf8 13. h3 g5 14. Qc2 g4 15. hxg4
Bxg4 16. d5 Rac8 17. Nh4 b5 18. cxb5 cxb5 19. Qd3 b4 20. Nd1 Ng6 21. Nxg6 fxg6
22. Ne3 Bd7 23. Nc4 Qc7 24. Qd2 Qb8 25. a3 Bb5 26. axb4 Bxc4 27. bxc4 Rxc4 28.
b5 Nd7 29. Bf1 Rc7 30. Qb4 Bf8 31. Bc1 Nc5 32. Be3 Rb7 33. Reb1 Rb6 34. Qc4 Rc8
35. Qa2 Rb7 36. f3 Kh7 37. Rc1 h5 38. Rc3 Bh6 39. Bf2 Rf8 40. Ra3 Rff7 41. Qc4
Rbc7 42. Qe2 Bg5 43. Be3 Bxe3+ 44. Qxe3 Qd8 45. R1a2 Qf8 46. Rf2 Qh6 47. f4 Qg7
48. Qf3 exf4 49. gxf4 Qd4 50. Re3 Rg7 51. Bg2 Kg8 52. Kh2 Rcf7 53. Qg3 h4 54.
Qf3 g5 55. Bh3 Rxf4 56. Qe2 Rxf2+ 57. Qxf2 g4 58. Bxg4 Rxg4 59. Kh3 Qxe3+ 60.
Qxe3 Rg3+ 61. Qxg3+ hxg3 62. Kxg3 Nxe4+ 63. Kf4 Nc3 64. Kf5 Nxb5 65. Ke6 a5 66.
Kd7 a4 67. Kc6 Nc3 68. Kxd6 Nxd5 69. Kxd5
0-1

[Event "NM for klubblag 2017"]
[Site "Scandic Kristiansund"]
[Date "2017.10.20"]
[Round "2"]
[White "Nordquelle, Daniel"]
[Black "Gonzalez, Rafael T"]
[Result "1-0"]
[WhiteElo "2068"]
[BlackElo "1850"]
[Annotator "05benbjo"]
[PlyCount "77"]
[EventDate "2017.??.??"]

1. e4 c5 2. Nc3 e6 3. g3 d5 4. exd5 exd5 5. d4 Nc6 6. Be3 Nf6 7. Bg2 c4 8. Nge2
Be6 9. O-O Be7 10. h3 O-O 11. g4 Ne8 12. Nf4 Nc7 13. Qf3 Nb4 14. Rac1 g5 15.
Nxe6 fxe6 16. Qe2 Bd6 17. Qd2 h6 18. h4 Rf4 19. f3 Qf6 20. Ne2 Nc6 21. Nxf4
Bxf4 22. c3 Rf8 23. Bxf4 Qxf4 24. Qxf4 Rxf4 25. hxg5 hxg5 26. Rce1 Kg7 27. Kf2
Rf6 28. Kg3 b5 29. f4 gxf4+ 30. Rxf4 b4 31. Bh3 bxc3 32. bxc3 Nb5 33. Re3 Nd6
34. Rxf6 Kxf6 35. Kf4 Ne4 36. Rxe4 dxe4 37. g5+ Kg6 38. Bxe6 e3 39. Bxc4
1-0

[Event "NM for klubblag 2017"]
[Site "Scandic Kristiansund"]
[Date "2017.10.20"]
[Round "2"]
[White "Nakken, Roar E."]
[Black "Tryggestad, Andreas G"]
[Result "0-1"]
[WhiteElo "1856"]
[BlackElo "2212"]
[Annotator "05benbjo"]
[PlyCount "54"]
[EventDate "2017.??.??"]

1. e4 c5 2. Nf3 e6 3. d4 cxd4 4. Nxd4 Nc6 5. Nb5 d6 6. c4 Nf6 7. N1c3 a6 8. Na3
Be7 9. Be2 O-O 10. O-O b6 11. Nc2 Bb7 12. Ne3 Qc7 13. Bd2 Rac8 14. Rc1 Nd4 15.
Bd3 Nd7 16. f3 Ne5 17. Bb1 Bf6 18. Kh1 Rfd8 19. b3 Qb8 20. Be1 Ndc6 21. f4 Ng6
22. h4 b5 23. h5 Nf8 24. Ng4 Be7 25. cxb5 axb5 26. a3 b4 27. axb4 Nxb4
0-1

[Event "NM for klubblag 2017"]
[Site "Scandic Kristiansund"]
[Date "2017.10.20"]
[Round "2"]
[White "Brastad, Kay Robert"]
[Black "Sjøberg, Isak"]
[Result "0-1"]
[WhiteElo "571"]
[BlackElo "2034"]
[Annotator "05benbjo"]
[PlyCount "56"]
[EventDate "2017.??.??"]

1. e4 e5 2. d4 exd4 3. Qxd4 Nc6 4. Qe3 Nf6 5. Bd3 d6 6. Nc3 Be7 7. Nf3 a6 8.
O-O O-O 9. Qe2 Bg4 10. Nd5 Ne5 11. Nxe7+ Qxe7 12. Bg5 Qe6 13. Nd4 Bxe2 14. Nxe6
Bxf1 15. Nxf8 Bxd3 16. cxd3 Kxf8 17. Rd1 h6 18. Bxf6 gxf6 19. d4 Nc4 20. b3 Nb6
21. d5 Ke7 22. Rc1 Rc8 23. f3 c6 24. dxc6 Rxc6 25. Rd1 Rc2 26. a4 Rb2 27. Rd3
Nd7 28. Kf1 Nc5
0-1

[Event "NM for klubblag 2017"]
[Site "Scandic Kristiansund"]
[Date "2017.10.20"]
[Round "2"]
[White "Barna, Andre"]
[Black "Hølleland, Sigve"]
[Result "1/2-1/2"]
[WhiteElo "2148"]
[BlackElo "1998"]
[PlyCount "31"]
[EventDate "2017.??.??"]

1. d4 Nf6 2. Nf3 g6 3. g3 Bg7 4. Bg2 O-O 5. O-O d5 6. Bf4 Bf5 7. Nbd2 Nbd7 8.
c4 c6 9. Qb3 Qb6 10. Rad1 dxc4 11. Qa3 Nd5 12. Nxc4 Qb5 13. Bg5 h6 14. Bd2 Be4
15. Qa5 a6 16. Qxb5
1/2-1/2

[Event "NM for klubblag 2017"]
[Site "Scandic Kristiansund"]
[Date "2017.10.20"]
[Round "2"]
[White "Unneland, Arne"]
[Black "Birkestrand, Odd H"]
[Result "1-0"]
[WhiteElo "1410"]
[BlackElo "1589"]
[PlyCount "39"]
[EventDate "2017.??.??"]

1. e4 e5 2. Nf3 Nc6 3. Bc4 Nf6 4. Nc3 Be7 5. d4 exd4 6. Nxd4 d6 7. Nxc6 bxc6 8.
O-O O-O 9. Be3 Nd7 10. f4 Bf6 11. e5 dxe5 12. f5 Bb7 13. Qg4 Nb6 14. Rad1 Qe7
15. Ne4 Nxc4 16. Nxf6+ Kh8 17. Bg5 Qc5+ 18. Kh1 Ne3 19. Qh3 h6 20. Bxh6
1-0

[Event "NM for klubblag 2017"]
[Site "Scandic Kristiansund"]
[Date "2017.10.20"]
[Round "2"]
[White "Bentsen, Håkon"]
[Black "David, Edwin"]
[Result "0-1"]
[WhiteElo "2008"]
[BlackElo "2148"]
[PlyCount "38"]
[EventDate "2017.??.??"]

1. e4 e6 2. d4 d5 3. Nd2 a6 4. Ngf3 c5 5. exd5 exd5 6. c3 Nc6 7. dxc5 Bxc5 8.
Nb3 Bb6 9. Be2 Nf6 10. Bg5 Bxf2+ 11. Kf1 Bb6 12. Bxf6 Qxf6 13. Qxd5 O-O 14. Qg5
Qe6 15. Re1 h6 16. Qg3 Qf5 17. Bc4 Bd7 18. Qd6 Rfe8 19. Bd3 Qxf3+
0-1

[Event "NM for klubblag 2017"]
[Site "Scandic Kristiansund"]
[Date "2017.10.20"]
[Round "2"]
[White "Løbersli, Henrik Øie"]
[Black "Nesse, David"]
[Result "1-0"]
[WhiteElo "2008"]
[BlackElo "1650"]
[Annotator "05benbjo"]
[PlyCount "91"]
[EventDate "2017.??.??"]

1. d4 g6 2. Bf4 Bg7 3. Nc3 c5 4. e3 cxd4 5. exd4 Qb6 6. Nb5 d6 7. Qe2 Be6 8. c3
a6 9. Na3 Nf6 10. Nf3 O-O 11. g3 Nc6 12. Bg2 Nd5 13. Be3 Nxe3 14. fxe3 d5 15.
Ng5 Bf5 16. Bxd5 Bh6 17. h4 e6 18. Bb3 Na5 19. Nc4 Qc6 20. O-O-O Nxb3+ 21. axb3
Bxg5 22. hxg5 Qe4 23. Rh4 Qb1+ 24. Kd2 Qc2+ 25. Ke1 Qxb3 26. e4 b5 27. Ne5 b4
28. Rc1 bxc3 29. bxc3 Qa3 30. Qd2 Rab8 31. Nd7 Rfd8 32. Nxb8 Rxb8 33. exf5 exf5
34. Rh2 Qd6 35. Qf4 Qe6+ 36. Re2 Qb3 37. Kf2 Rc8 38. Rce1 Qb5 39. Re3 a5 40.
Qe5 Qb2+ 41. R1e2 Qa1 42. Qb5 Rf8 43. Re8 Qh1 44. Rxf8+ Kg7 45. Qe5+ Kxf8 46.
Qh8#
1-0

[Event "NM for klubblag 2017"]
[Site "Scandic Kristiansund"]
[Date "2017.10.20"]
[Round "2"]
[White "Eliseev, Sergey"]
[Black "Darnell, Anton"]
[Result "0-1"]
[WhiteElo "1338"]
[BlackElo "2029"]
[Annotator "05benbjo"]
[PlyCount "40"]
[EventDate "2017.??.??"]

1. e4 e6 2. d3 c5 3. Nf3 d5 4. Qe2 Nf6 5. g3 Nc6 6. Bg2 Be7 7. e5 Nd7 8. h4 Qc7
9. Bf4 b5 10. b3 a5 11. O-O O-O 12. Nbd2 Bb7 13. Rfe1 a4 14. c4 Nb4 15. Rec1
axb3 16. Nxb3 bxc4 17. dxc4 dxc4 18. Qxc4 Nxa2 19. Rc2 Bd5 20. Qb5 Rfb8
0-1

[Event "NM for klubblag 2017"]
[Site "Scandic Kristiansund"]
[Date "2017.10.20"]
[Round "2"]
[White "Simensen, Vegard"]
[Black "Shehzad, Alisha"]
[Result "1-0"]
[WhiteElo "1909"]
[BlackElo "1516"]
[Annotator "05benbjo"]
[PlyCount "73"]
[EventDate "2017.??.??"]

1. d4 d5 2. Nf3 Nf6 3. c4 c6 4. Nc3 h6 5. e3 e6 6. Qc2 Nbd7 7. Bd3 dxc4 8. Bxc4
b5 9. Bd3 Bb7 10. O-O a6 11. Ne4 Rc8 12. Rd1 Nxe4 13. Bxe4 Nf6 14. Bd3 Qb6 15.
Qe2 c5 16. a4 c4 17. Bc2 Be7 18. Ne5 h5 19. axb5 axb5 20. Bd2 h4 21. h3 Ba8 22.
f3 Nh5 23. Be1 Ng3 24. Qd2 b4 25. Ba4+ Bc6 26. Bxc6+ Rxc6 27. Ra8+ Bd8 28. Nxc6
Qxc6 29. Rda1 Qb7 30. Qxb4 Qxb4 31. Bxb4 Kd7 32. R1a7+ Kc6 33. Ba5 Rh6 34. Rxd8
Rg6 35. Rc7+ Kb5 36. Rb8+ Kxa5 37. Ra7#
1-0

[Event "NM for klubblag 2017"]
[Site "Scandic Kristiansund"]
[Date "2017.10.20"]
[Round "2"]
[White "Thingstad, Even"]
[Black "Wadstensvik, Petter Andreas"]
[Result "0-1"]
[WhiteElo "2160"]
[BlackElo "1715"]
[Annotator "05benbjo"]
[PlyCount "80"]
[EventDate "2017.??.??"]

1. d4 d5 2. c4 e6 3. Nc3 Nf6 4. cxd5 exd5 5. Bg5 Be7 6. e3 c6 7. Qc2 Nbd7 8.
Bd3 g6 9. Nge2 Nh5 10. Bxe7 Qxe7 11. O-O Ndf6 12. Qd2 Ng7 13. f3 Bf5 14. e4
dxe4 15. fxe4 Bxe4 16. Nxe4 Nxe4 17. Bxe4 Qxe4 18. Nc3 Qg4 19. Rae1+ Ne6 20.
Re4 Qh5 21. d5 O-O-O 22. Qf2 cxd5 23. Nb5 d4 24. Rc1+ Kb8 25. Qg3+ Ka8 26. Re5
Qh6 27. Rf1 Rc8 28. h3 Qg7 29. Nd6 Rc7 30. Nb5 Rd7 31. Qa3 a6 32. Re2 Qf8 33.
Qa4 Qc5 34. Na3 d3+ 35. Ref2 Rhd8 36. Kh2 d2 37. Qd1 Nd4 38. Nb1 Nf5 39. Rxd2
Rxd2 40. Nxd2 Qd6+
0-1

[Event "NM for klubblag 2017"]
[Site "Scandic Kristiansund"]
[Date "2017.10.20"]
[Round "2"]
[White "Halse, Iver"]
[Black "Kolås, Tore"]
[Result "0-1"]
[WhiteElo "1575"]
[BlackElo "2119"]
[Annotator "05benbjo"]
[PlyCount "78"]
[EventDate "2017.??.??"]

1. e4 c5 2. Nc3 Nc6 3. f4 g6 4. Nf3 Bg7 5. Bb5 Nd4 6. Bd3 d6 7. h3 e6 8. b3 a6
9. a4 Rb8 10. Bb2 b5 11. axb5 axb5 12. O-O c4 13. Be2 Nxe2+ 14. Qxe2 Ne7 15.
Nd1 Bxb2 16. Nxb2 cxb3 17. cxb3 O-O 18. d4 Bb7 19. Nd3 Qb6 20. Kh2 Ra8 21. Nf2
Nc6 22. Qd2 f5 23. exf5 exf5 24. Rxa8 Rxa8 25. Qe3 Qd8 26. Qe6+ Kg7 27. Ng5 Qf6
28. Qd7+ Qe7 29. Ne6+ Kf6 30. Qxe7+ Nxe7 31. Nc7 Ra2 32. Nxb5 Nd5 33. Nxd6 Ba8
34. Nd3 Rd2 35. Nc5 Ne3 36. Rg1 Nxg2 37. Nde4+ fxe4 38. Rxg2 e3 39. Rxd2 exd2
0-1

[Event "NM for klubblag 2017"]
[Site "Scandic Kristiansund"]
[Date "2017.10.20"]
[Round "2"]
[White "Tofte, Sondre Waage"]
[Black "Myhre, Mads Wollan"]
[Result "1-0"]
[WhiteElo "2132"]
[BlackElo "1447"]
[Annotator "05benbjo"]
[PlyCount "51"]
[EventDate "2017.??.??"]

1. e4 e6 2. d4 d5 3. Nd2 Nf6 4. e5 Nfd7 5. Bd3 c5 6. c3 Nc6 7. Ne2 Be7 8. O-O
O-O 9. f4 b6 10. Nf3 Qc7 11. f5 Re8 12. fxe6 fxe6 13. Ng5 Bxg5 14. Bxg5 Nf8 15.
Be3 Ne7 16. Nf4 g6 17. Qg4 Kh8 18. Nh5 gxh5 19. Qxh5 Nf5 20. Qxe8 Bb7 21. Qh5
Qg7 22. Bxf5 exf5 23. Rxf5 Ng6 24. Raf1 Ba6 25. Rf7 Qg8 26. Bg5
1-0

[Event "NM for klubblag 2017"]
[Site "Scandic Kristiansund"]
[Date "2017.10.20"]
[Round "2"]
[White "Strand, Amund Pihl"]
[Black "Berg-Jensen, Joachim"]
[Result "0-1"]
[WhiteElo "1400"]
[BlackElo "2064"]
[Annotator "05benbjo"]
[PlyCount "86"]
[EventDate "2017.??.??"]

1. d4 d5 2. Bf4 e6 3. Nf3 Bd6 4. Bg3 f5 5. e3 Nf6 6. Nbd2 O-O 7. Ne5 Nbd7 8. f4
c5 9. c3 Ne4 10. Ndf3 Ndf6 11. Bh4 Qa5 12. Bxf6 gxf6 13. Nd3 cxd4 14. exd4 Qc7
15. g3 Bd7 16. Bg2 b5 17. O-O a5 18. Rc1 Qb6 19. Re1 Rac8 20. Nf2 b4 21. Nxe4
dxe4 22. Nh4 bxc3 23. bxc3 Ba3 24. Rb1 Qd6 25. Qd2 Rc7 26. Bf1 Ba4 27. Ng2 Rfc8
28. c4 Bb4 29. Rxb4 Qxb4 30. Qxb4 axb4 31. Rb1 Rb8 32. Ne3 b3 33. axb3 Rxb3 34.
Ra1 Rxe3 35. Rxa4 Rb7 36. c5 Rc3 37. Rc4 Rbb3 38. c6 Rxc4 39. Bxc4 Rc3 40.
Bxe6+ Kf8 41. d5 Ke7 42. Bxf5 e3 43. Bxh7 Rc1+
0-1

[Event "NM for klubblag 2017"]
[Site "Scandic Kristiansund"]
[Date "2017.10.20"]
[Round "2"]
[White "Kallset, Eirik Viken"]
[Black "Romanov, Evgeny"]
[Result "0-1"]
[WhiteElo "1691"]
[BlackElo "2596"]
[Annotator "05benbjo"]
[PlyCount "82"]
[EventDate "2017.??.??"]

1. e4 e5 2. Nf3 Nc6 3. Bb5 a6 4. Ba4 Nf6 5. d3 d6 6. c3 g6 7. Bg5 h6 8. Be3 Bg7
9. Nbd2 Ng4 10. d4 Nxe3 11. fxe3 b5 12. d5 Ne7 13. Bb3 O-O 14. O-O h5 15. c4
Bh6 16. Qe2 bxc4 17. Nxc4 a5 18. Ba4 Ba6 19. Rac1 f5 20. Qd3 fxe4 21. Qxe4 Bb7
22. Rfd1 Kh7 23. Rc3 Bc8 24. Qc2 Bg4 25. e4 Bxf3 26. gxf3 Rf7 27. Na3 Ng8 28.
Nb5 Rc8 29. Na7 Rb8 30. Kh1 Qf6 31. Rf1 Qg7 32. Nc6 Ra8 33. Qb3 Nf6 34. Qb7
Raf8 35. Bc2 h4 36. Ra3 Nh5 37. Nxa5 Bd2 38. Nc4 Qh6 39. Rd3 Ng3+ 40. Kg2 h3+
41. Kg1 Qg5
0-1

[Event "NM for klubblag 2017"]
[Site "Scandic Kristiansund"]
[Date "2017.10.20"]
[Round "2"]
[White "Christiansen, Johan-Sebastian"]
[Black "Kallset, Tore"]
[Result "1-0"]
[WhiteElo "2459"]
[BlackElo "1591"]
[Annotator "05benbjo"]
[PlyCount "51"]
[EventDate "2017.??.??"]

1. e4 e5 2. Nf3 Nf6 3. Nc3 Bb4 4. Nxe5 O-O 5. Be2 Re8 6. Nd3 Bxc3 7. dxc3 Nxe4
8. Nf4 c6 9. c4 d6 10. O-O Be6 11. Nxe6 Rxe6 12. Bg4 Re8 13. Bf3 Na6 14. Be3
Nc7 15. Qd3 d5 16. Rad1 Qe7 17. Rfe1 Qb4 18. cxd5 cxd5 19. b3 a6 20. c4 dxc4
21. bxc4 Nc5 22. Qf5 N7e6 23. Bd5 Rac8 24. h4 g6 25. Qf6 Nd7 26. Qa1
1-0

[Event "NM for klubblag 2017"]
[Site "Scandic Kristiansund"]
[Date "2017.10.20"]
[Round "2"]
[White "Kvisvik, Brede Alex."]
[Black "Kallset, Vegard Viken"]
[Result "1-0"]
[WhiteElo "2311"]
[BlackElo "1275"]
[Annotator "05benbjo"]
[PlyCount "34"]
[EventDate "2017.??.??"]

1. Nf3 Nf6 2. b3 d5 3. Bb2 Nc6 4. e3 Bf5 5. a3 g6 6. Bb5 Bg7 7. Ne5 O-O 8. Nxc6
bxc6 9. Bxc6 Rb8 10. d3 Qd6 11. Ba4 c5 12. Nd2 e5 13. Qe2 e4 14. dxe4 dxe4 15.
Nc4 Qc7 16. Be5 Qc8 17. Bxb8 Qxb8
1-0

[Event "NM for klubblag 2017"]
[Site "Scandic Kristiansund"]
[Date "2017.10.20"]
[Round "2"]
[White "Kallset, Øystein Viken"]
[Black "Kaasen, Tor Fredrik"]
[Result "0-1"]
[WhiteElo "960"]
[BlackElo "2320"]
[Annotator "05benbjo"]
[PlyCount "40"]
[EventDate "2017.??.??"]

1. c4 Nf6 2. Nc3 g6 3. e4 d6 4. d4 Bg7 5. Nf3 O-O 6. Be2 Nbd7 7. h3 e5 8. Be3
exd4 9. Nxd4 Re8 10. f3 c6 11. Qd2 d5 12. Bg5 dxe4 13. Nxe4 Nxe4 14. fxe4 Qb6
15. Nb3 Rxe4 16. O-O-O Re8 17. h4 Nc5 18. h5 Nxb3+ 19. axb3 Qxb3 20. Rh3 Bxh3
0-1

[Event "NM for klubblag 2017"]
[Site "Scandic Kristiansund"]
[Date "2017.10.20"]
[Round "2"]
[White "Urkedal, Frode Olav Olsen"]
[Black "Mihajlov, Sebastian"]
[Result "0-1"]
[WhiteElo "2580"]
[BlackElo "2365"]
[Annotator "05benbjo"]
[PlyCount "118"]
[EventDate "2017.??.??"]

1. d4 Nf6 2. c4 c6 3. Nf3 d5 4. e3 Bg4 5. Nc3 e6 6. h3 Bh5 7. g4 Bg6 8. Ne5
Nbd7 9. Nxg6 hxg6 10. g5 Ng8 11. h4 Ne7 12. Bd2 Nf5 13. Qg4 Bb4 14. O-O-O Qb6
15. Kb1 O-O-O 16. c5 Qa5 17. h5 gxh5 18. Rxh5 g6 19. Rh3 Rde8 20. Bd3 Bxc3 21.
Bxc3 Qd8 22. Rdh1 Rxh3 23. Rxh3 Rh8 24. Ba5 b6 25. Ba6+ Kc7 26. Qf4+ e5 27.
dxe5 Nxc5 28. e6+ Nd6 29. Rxh8 Qxh8 30. exf7 Ne6 31. Qg4 Qh1+ 32. Kc2 Qe4+ 33.
Qxe4 dxe4 34. f8=Q Nxf8 35. Bc3 Nh7 36. Be5 Nxg5 37. Bf1 Nf3 38. Bg3 Kd7 39.
Kc3 c5 40. a4 Kc6 41. Ba6 Ng5 42. Bxd6 Kxd6 43. Bb7 Ke5 44. Kc4 Nh3 45. f3 exf3
46. Bxf3 Nf2 47. b3 g5 48. Kb5 g4 49. Bg2 Nd1 50. Ka6 Nxe3 51. Bh1 c4 52. bxc4
Kd4 53. Kxa7 Kc5 54. Ka6 Nxc4 55. Bg2 Kb4 56. Bc6 g3 57. Ka7 Ka5 58. Kb7 Nb2
59. Kc7 Nxa4
0-1

[Event "NM for klubblag 2017"]
[Site "Scandic Kristiansund"]
[Date "2017.10.20"]
[Round "2"]
[White "Moen, Andreas G.R."]
[Black "Elsness, Frode"]
[Result "0-1"]
[WhiteElo "2316"]
[BlackElo "2472"]
[Annotator "05benbjo"]
[PlyCount "82"]
[EventDate "2017.??.??"]

1. e4 c6 2. d4 d5 3. Nd2 dxe4 4. Nxe4 Nd7 5. c3 Ngf6 6. Nxf6+ Nxf6 7. Bd3 Bg4
8. Ne2 e6 9. Qb3 Qd7 10. h3 Bh5 11. Nf4 Bd6 12. O-O Bg6 13. Nxg6 hxg6 14. Rd1
O-O 15. Bf1 b5 16. Qc2 Nd5 17. b3 Qc7 18. c4 bxc4 19. bxc4 Ne7 20. Rb1 Rab8 21.
Rb3 Nf5 22. c5 Bh2+ 23. Kh1 Bf4 24. Bb2 Bg5 25. Bc3 Bf6 26. g3 Rfd8 27. Rxb8
Rxb8 28. Qa4 Qd7 29. Bg2 Ne7 30. h4 Nd5 31. Bd2 Rb2 32. Kg1 Qb7 33. Bxd5 exd5
34. Be3 Qd7 35. Qa3 Re2 36. Ra1 Qg4 37. Kf1 Qf3 38. Qd3 Rxe3 39. Qxe3 Qh1+ 40.
Ke2 Qxa1 41. Qe8+ Kh7
0-1

[Event "NM for klubblag 2017"]
[Site "Scandic Kristiansund"]
[Date "2017.10.20"]
[Round "2"]
[White "Hansen, Torbjørn R."]
[Black "Elseth, Roar"]
[Result "1/2-1/2"]
[WhiteElo "2402"]
[BlackElo "2262"]
[Annotator "05benbjo"]
[PlyCount "87"]
[EventDate "2017.??.??"]

1. e4 e5 2. Nf3 Nc6 3. Bb5 a6 4. Ba4 Nf6 5. O-O Be7 6. Re1 b5 7. Bb3 d6 8. c3
O-O 9. h3 Nb8 10. d4 Nbd7 11. c4 c6 12. Nc3 b4 13. Ne2 c5 14. dxe5 dxe5 15. Ng3
Bb7 16. Bc2 Re8 17. Nf5 Qc7 18. Nd2 Nf8 19. Ne3 Ne6 20. Nd5 Qd6 21. Ba4 Red8
22. Nf3 Nd7 23. a3 a5 24. Be3 Kf8 25. Bxd7 Rxd7 26. axb4 axb4 27. Rxa8+ Bxa8
28. Qa4 Bc6 29. Qa6 f6 30. Ra1 Kf7 31. Qa2 Rd8 32. Qb1 Ra8 33. Rxa8 Bxa8 34.
Qa2 Bc6 35. Ne1 Bf8 36. Nd3 Kg8 37. Qa6 Bd7 38. Qa5 Bc6 39. h4 h5 40. Qa7 Qd7
41. Qb6 Qd6 42. Qa7 Qd7 43. Qb6 Qd6 44. Qa7
1/2-1/2

[Event "NM for klubblag 2017"]
[Site "Scandic Kristiansund"]
[Date "2017.10.20"]
[Round "2"]
[White "Al-Tarbosh, Ward"]
[Black "Risting, Eivind Olav"]
[Result "1/2-1/2"]
[WhiteElo "2235"]
[BlackElo "2323"]
[Annotator "05benbjo"]
[PlyCount "132"]
[EventDate "2017.??.??"]

1. e4 c6 2. Nf3 d5 3. Nc3 dxe4 4. Nxe4 Nf6 5. Ng3 c5 6. d4 Nc6 7. Be3 cxd4 8.
Nxd4 Bd7 9. Nxc6 Bxc6 10. Qxd8+ Kxd8 11. Rd1+ Ke8 12. c4 e6 13. f3 b6 14. Bd3
Bc5 15. Bxc5 bxc5 16. Kf2 Ke7 17. Rhe1 g6 18. Rd2 Rab8 19. Ne2 Rhd8 20. Nc3 Rb4
21. Red1 a5 22. Be2 Rdb8 23. Rb1 a4 24. a3 Rb3 25. Nb5 Bxb5 26. cxb5 Nd5 27.
Rc1 Nb6 28. Rxc5 Rd8 29. Rxd8 Kxd8 30. Rc2 Kd7 31. Rd2+ Ke7 32. Bd3 e5 33. g4
Ke6 34. g5 f5 35. gxf6 Kxf6 36. Kg3 h6 37. Bc2 Rxb5 38. Rd6+ Ke7 39. Rxg6 Rxb2
40. Bf5 Nc4 41. Rxh6 Nxa3 42. Re6+ Kf7 43. Ra6 Rb4 44. Bd7 Nc2 45. Bxa4 Ne3 46.
Bd7 Nf1+ 47. Kg2 Ne3+ 48. Kf2 Nd1+ 49. Ke2 Rd4 50. Bf5 Nc3+ 51. Kf2 Rd2+ 52.
Kg3 Ne2+ 53. Kg4 Nf4 54. Kg5 Rxh2 55. Ra7+ Ke8 56. Kf6 Rh6+ 57. Kxe5 Ng6+ 58.
Ke4 Ne7 59. Bg4 Rb6 60. Bh5+ Kf8 61. f4 Rb4+ 62. Kf3 Nd5 63. Rf7+ Kg8 64. f5
Nf4 65. Bg6 Nxg6 66. fxg6 Rb6
1/2-1/2

[Event "NM for klubblag 2017"]
[Site "Scandic Kristiansund"]
[Date "2017.10.20"]
[Round "3"]
[White "Malmedal, Preben"]
[Black "Skeide, Viljar Bergh"]
[Result "1-0"]
[WhiteElo "1250"]
[BlackElo "664"]
[Annotator "05benbjo"]
[PlyCount "63"]
[EventDate "2017.??.??"]

1. d4 d5 2. c4 dxc4 3. e3 Nf6 4. Bxc4 Bg4 5. Nf3 Nc6 6. Bb5 a6 7. Bxc6+ bxc6 8.
O-O e6 9. h3 Bh5 10. Nbd2 Bb4 11. a3 Ba5 12. b4 Bb6 13. Qc2 Qd5 14. Ne5 Nd7 15.
Qxc6 Qxc6 16. Nxc6 O-O 17. Nc4 Be2 18. Nxb6 cxb6 19. Re1 Rac8 20. Ne7+ Kh8 21.
Nxc8 Rxc8 22. Rxe2 b5 23. Bb2 h6 24. Rc1 Rb8 25. Rec2 Nb6 26. f4 g6 27. d5+ Kh7
28. dxe6 fxe6 29. Rc7+ Kg8 30. Be5 Rd8 31. Rg7+ Kf8 32. Rxg6
1-0

[Event "NM for klubblag 2017"]
[Site "Scandic Kristiansund"]
[Date "2017.10.20"]
[Round "3"]
[White "Vucenovic, Lazar"]
[Black "Shehzad, Shazil"]
[Result "1-0"]
[WhiteElo "2128"]
[BlackElo "1707"]
[PlyCount "93"]
[EventDate "2017.??.??"]

1. Nf3 c5 2. c4 Nc6 3. g3 g6 4. Bg2 Bg7 5. O-O e6 6. Nc3 Nge7 7. Qa4 O-O 8. d3
b6 9. Bf4 d6 10. Nb5 e5 11. Bg5 Bb7 12. Nc3 f6 13. Bd2 Qc7 14. Bh3 Bc8 15. Nb5
Qb8 16. Bxc8 Rxc8 17. e4 Re8 18. Qd1 a6 19. Nc3 Qc8 20. Kg2 f5 21. Nd5 Nxd5 22.
cxd5 Nd8 23. Bg5 Nf7 24. Bd2 Bf6 25. Rc1 g5 26. h3 Kg7 27. Nh2 h5 28. Qf3 fxe4
29. dxe4 Kg6 30. Rh1 Bg7 31. g4 h4 32. Qe2 Qd8 33. Nf1 Nh6 34. Ne3 Qf6 35. Rhg1
Rh8 36. Kh1 Kf7 37. Rc3 Raf8 38. Nf5 Nxf5 39. gxf5 Bh6 40. Qxa6 Re8 41. Qxb6
Rhg8 42. Ra3 g4 43. Ra7+ Re7 44. Rxe7+ Kxe7 45. Qc7+ Kf8 46. Qc8+ Kf7 47. Qd7+
1-0

[Event "NM for klubblag 2017"]
[Site "Scandic Kristiansund"]
[Date "2017.10.20"]
[Round "3"]
[White "Shehzad, Alisha"]
[Black "Brastad, Kay Robert"]
[Result "1-0"]
[WhiteElo "1516"]
[BlackElo "571"]
[PlyCount "31"]
[EventDate "2017.??.??"]

1. e4 e5 2. Nf3 Nc6 3. Nc3 Nf6 4. a3 Bc5 5. Nxe5 Bxf2+ 6. Kxf2 Nxe5 7. d4 Neg4+
8. Kg1 d6 9. h3 Nh6 10. Bg5 O-O 11. Nd5 Re8 12. Nxf6+ gxf6 13. Bxh6 Rxe4 14.
Qf3 Bf5 15. Qxf5 d5 16. Bd3
1-0

[Event "NM for klubblag 2017"]
[Site "Scandic Kristiansund"]
[Date "2017.10.20"]
[Round "3"]
[White "Lundeby, Øyvind Andersen"]
[Black "Unneland, Arne"]
[Result "1-0"]
[WhiteElo "2085"]
[BlackElo "1410"]
[Annotator "05benbjo"]
[PlyCount "63"]
[EventDate "2017.??.??"]

1. Nf3 d5 2. e3 Nf6 3. d4 Bg4 4. c4 e6 5. Qb3 b6 6. Ne5 Bd6 7. cxd5 exd5 8.
Bb5+ Bd7 9. Nxd7 Nbxd7 10. Bc6 Rb8 11. Nc3 O-O 12. Bd2 Ne4 13. Nxe4 dxe4 14.
Bxe4 c5 15. Qd3 Nf6 16. Bf3 Rc8 17. dxc5 Bxc5 18. Qxd8 Rfxd8 19. Rc1 Rd6 20. b4
Rxd2 21. Kxd2 Bxb4+ 22. Ke2 Bc5 23. g4 g5 24. Rhd1 Rc7 25. Rd8+ Kg7 26. h3 h6
27. Rb8 a5 28. Rb7 Rc8 29. Rxb6 Bxb6 30. Rxc8 Nd7 31. Rc6 f6 32. Rxb6
1-0

[Event "NM for klubblag 2017"]
[Site "Scandic Kristiansund"]
[Date "2017.10.20"]
[Round "3"]
[White "Hølleland, Sigve"]
[Black "Storeide, Erling"]
[Result "1-0"]
[WhiteElo "1998"]
[BlackElo "1635"]
[PlyCount "99"]
[EventDate "2017.??.??"]

1. c4 e5 2. Nc3 Nf6 3. g3 c6 4. d4 exd4 5. Qxd4 Be7 6. Bg2 O-O 7. Bf4 Na6 8.
Nf3 Bc5 9. Qd2 d5 10. cxd5 cxd5 11. Rd1 Be6 12. O-O Ne4 13. Nxe4 dxe4 14. Qc2
Qb6 15. Qxe4 Bxa2 16. Ng5 g6 17. Qxb7 Rad8 18. Qxb6 Bxb6 19. Ne4 Bb3 20. Ra1
Nc5 21. Nf6+ Kg7 22. Be5 h5 23. Nxh5+ Kh6 24. Nf6 Nd7 25. Nxd7 Rxd7 26. Bc6
Rdd8 27. Bf6 Rc8 28. Rfc1 Be6 29. Ra4 g5 30. Raa1 Kg6 31. Be7 Rh8 32. Be4+ f5
33. Rxc8 Rxc8 34. Bd3 Bd4 35. e4 fxe4 36. Bxe4+ Bf5 37. Bxf5+ Kxf5 38. Ra5+ Ke4
39. Bxg5 Rc2 40. Ra4 Kd3 41. Ra3+ Ke2 42. Be3 Bxb2 43. Rxa7 Kf3 44. Rf7+ Ke2
45. Kg2 Ba3 46. h4 Kd3 47. Kf3 Rc6 48. g4 Rd6 49. h5 Bb2 50. g5
1-0

[Event "NM for klubblag 2017"]
[Site "Scandic Kristiansund"]
[Date "2017.10.20"]
[Round "3"]
[White "Sætre, Stig"]
[Black "Haugsvær, Lisbeth"]
[Result "1-0"]
[WhiteElo "1535"]
[BlackElo "1485"]
[PlyCount "89"]
[EventDate "2017.??.??"]

1. e4 e5 2. Nf3 Nc6 3. d4 exd4 4. Nxd4 Ne5 5. Bf4 Ng6 6. Be3 Nf6 7. Bd3 Bc5 8.
Nd2 d5 9. Bb5+ c6 10. Nxc6 Qb6 11. Nd4+ Bd7 12. Bxd7+ Nxd7 13. N2b3 dxe4 14.
Qg4 Nf6 15. Qf5 Be7 16. Nb5 Qc6 17. Nxa7 Bb4+ 18. Kf1 Rxa7 19. Bxa7 Qa6+ 20.
Kg1 Qxa7 21. Qb5+ Nd7 22. Qxb4 f5 23. Qd6 Nge5 24. Rd1 e3 25. Qe6+ Kf8 26. Rxd7
exf2+ 27. Kf1 Nxd7 28. Qxd7 Qe3 29. Qd2 Qe4 30. Qxf2 Kf7 31. Nc5 Qc4+ 32. Nd3
Rf8 33. Qc5 Qxa2 34. Kf2 Kg8 35. Re1 Qf7 36. Re7 Qf6 37. Qe5 Qh4+ 38. Kf1 Qg4
39. Re8 Qd1+ 40. Ne1 g6 41. Re7 Rf7 42. Qe6 Kg7 43. Qxf7+ Kh6 44. h4 Kh5 45.
Qf6
1-0